[Event "IND-ch U09 37th"]
[Site "Pune"]
[Date "2024.12.30"]
[Round "7"]
[White "Mohd, Ismail Siddiqui"]
[Black "Srinivasan, Saicharan"]
[Result "1/2-1/2"]
[WhiteElo "1546"]
[BlackElo "1620"]
[PlyCount "44"]
[EventDate "2024.12.27"]
[EventType "swiss"]
[EventRounds "11"]
[EventCountry "IND"]
[SourceTitle "CB02_2025"]
[SourceDate "2025.01.08"]
[SourceVersion "1"]
[SourceVersionDate "2025.01.08"]
[SourceQuality "1"]

1. e4 g6 2. d4 Bg7 3. Nf3 d6 4. Nc3 e6 5. Be3 h6 6. Qd2 Ne7 7. Bd3 Nd7 8. 0-0 a6 9. Ne2 b6 10. Ng3 Bb7 11. h3 c5 12. c3 d5 13. e5 Nc6 14. b4 c4 15. Bc2 b5 16. a4 Bf8 17. a5 Qe7 18. Rfe1 Qd8 19. Qe2 Qe7 20. Qd2 Qd8 21. Qe2 Qe7 22. Qd2 Qd8 1/2-1/2

[Event "IND-ch U09 37th"]
[Site "Pune"]
[Date "2024.12.29"]
[Round "5"]
[White "Reddy, Heyan"]
[Black "Srinivasan, Saicharan"]
[Result "1/2-1/2"]
[WhiteElo "1524"]
[BlackElo "1620"]
[PlyCount "52"]
[EventDate "2024.12.27"]
[EventType "swiss"]
[EventRounds "11"]
[EventCountry "IND"]
[SourceTitle "CB02_2025"]
[SourceDate "2025.01.08"]
[SourceVersion "1"]
[SourceVersionDate "2025.01.08"]
[SourceQuality "1"]

1. e4 g6 2. d4 Bg7 3. Nf3 d6 4. Nc3 e6 5. Be3 h6 6. Bc4 Ne7 7. Qd2 a6 8. 0-0-0 Nd7 9. Rhe1 b5 10. Bb3 Bb7 11. d5 e5 12. g4 Bc8 13. h3 Rb8 14. Ne2 Nb6 15. Rh1 Bd7 16. Ng3 b4 17. Qxb4 Nbxd5 18. Qd2 Nxe3 19. Qxe3 Qc8 20. Bc4 Be6 21. Bxe6 Qxe6 22. Qa3 Qc8 23. Qe3 Qe6 24. Qa3 Qc8 25. Qe3 Qe6 26. Qa3 Qc8 1/2-1/2